| 000 | nam a22 a 4500 | ||
|---|---|---|---|
| 999 |
_c384 _d384 |
||
| 003 | AKMAL | ||
| 005 | 20170503153715.0 | ||
| 008 | 170503s1989 my | e b a000 0 may d | ||
| 020 | _a9836207635 | ||
| 040 | _aAKMAL | ||
| 082 | 0 | 4 | _a100 MAJ |
| 090 | 0 | 0 |
_a100 _bMAJ |
| 100 | 0 |
_aMajid Fakhry _9873 |
|
| 245 | 1 | 0 |
_aSejarah falsafah Islam / _cMajid Fakhry |
| 260 |
_aKuala Lumpur : _bDewan Bahasa dan Pustaka, _c1989 |
||
| 300 |
_axxviii, 490ms. ; _c22cm |
||
| 500 | _aTerjemahan dari: A history of Islamic philosophy | ||
| 504 | _aBibliografi: ms.481-490 | ||
| 650 | 1 | 0 |
_aPhilosophy, Islamic _9874 |
| 650 | 2 | 0 |
_aIslam and philosophy _9875 |
| 942 |
_2ddc _cBOOK |
||